| 000 | 01740nam0a22004331 4500 | ||
|---|---|---|---|
| 001 | RU\NLR\A1SV\43662 | ||
| 005 | 20251203171251.9 | ||
| 035 | _a(NLR Aleph) 009725848 | ||
| 090 |
_a9890468 _c9890468 |
||
| 100 | _a20020819d1924 u y0rusy50 ca | ||
| 101 | 0 | _arus | |
| 102 | _aRU | ||
| 200 | 1 |
_aВоинские преступления _e(Ст. ст. 200-214 Уголов. кодекса) _fПроф. А.А.Жижиленко |
|
| 210 |
_aМ. _cПраво и жизнь _d1924 |
||
| 215 |
_a54, [2] с. _d21 см |
||
| 225 |
_aУголов. кодекс Р.С.Ф.С.Р. _eПракт. конспект _fПод ред. проф. М.Н.Гернета, проф. А.Н.Трайнина _fКн-во "Право и жизнь" под общ. ред. проф. А.М.Винавера, М.Н.Гернета, А.Н.Трайинна[!] |
||
| 300 | _aНапеч. в с.Тайнинском | ||
| 620 | _dМосква | ||
| 700 | 1 |
_4070 _7ca _8rus _aЖижиленко _bА. А. _f1873- _gАлександр Александрович _9208013 _3RU\NLR\AUTH\770208066 |
|
| 702 | 1 |
_aВинавер _bА.М. _f1883-1947 _gАлександр Маркович _4070 |
|
| 702 | 1 |
_aГернет _bМ.Н. _f1874-1953 _gМихаил Николаевич _4070 |
|
| 702 | 1 |
_6z01790 _aТрайнин _bА.Н. _f1883-1957 _gАрон Наумович _4070 |
|
| 790 | 1 |
_6z01702 _aТрайинн _4070 |
|
| 801 | 0 |
_aRU _bNLR _c20020819 |
|
| 852 |
_aNLR _j35.60.6.164 |
||
| 852 |
_aNLR _j35.60.6.164а |
||
| 899 | _aГПИБ | ||
| 899 | _aSLK | ||
| 899 | _aБАН | ||
| 899 | _aМГУ | ||
| 899 | _aНБ КемГУ | ||
| 899 | _aРКП | ||
| 899 | _aРГБ | ||
| 899 | _aNLG | ||
| 899 | _aСПбГУ | ||
| 942 | _cBOOK | ||
| 980 | _aNB | ||
| 980 | _aA1SV | ||